Pozycja Corporate Name
Liczba rekordów, w których użyto hasła: 1
001 - Numer kontrolny
- control field: 39931
003 - Identyfikator numeru kontrolnego
- control field: NUKAT
005 - Data i czas ostatniej modyfikacji
- control field: 20260412225833.0
008 - Dane kontrolne kodowane (40 znaków)
- fixed length control field: 260412n||a|znnaabn |a ana |c
010 ## - Numer kontrolny Biblioteki Kongresu
- numer kontrolny LC: n 2026064399
040 ## - Instytucja sporządzająca rekord
- inst. przygot. dane do rek. khw: OLSZT 008/AL
- język haseł przedmiotowych/tezaurus: kaba
- inst. wprow. rek. khw: OLSZT 008/AL
043 ## - Kod obszaru geograficznego
- ISO code: PL
046 ## - Special dates
- Establishment date: 1910~
- Termination date: 1945
- Date source: edtf
110 2# - Hasło - nazwa ciała zbiorowego
- nazwa ciała zbior. lub geogr. na pocz.: Buchhandlung Max Zedler.
368 ## - Other Attributes
- Corp type: Księgarnie
368 ## - Other Attributes
- Corp type: Wydawnictwa (instytucje)
370 ## - Associated place
- Country: Polska
370 ## - Associated place
- Country: Prusy Wschodnie
370 ## - Associated place
- Residence/HQ: Szczytno (woj. warmińsko-mazurskie)
377 ## - Assoc lang
- Lang code: ger
410 2# - Trop zob. - nazwa ciała zbiorowego
- nazwa ciała zbior. lub geogr. na pocz.: Max Zedler Buchhandlung.
410 2# - Trop zob. - nazwa ciała zbiorowego
- nazwa ciała zbior. lub geogr. na pocz.: A. Moslehners Buchhandlung Max Zedler.
410 2# - Trop zob. - nazwa ciała zbiorowego
- nazwa ciała zbior. lub geogr. na pocz.: Max Zedler Inh. Hans Andresen.
510 2# - Trop zob. też - nazwa ciała zbiorowego
- podpole kontrolne: a
- nazwa ciała zbior. lub geogr. na pocz.: H. A. Moshlener (Szczytno).
665 ## - Nota historyczna
- nota historyczna: 1 lutego 1886 August Moslehner założył w Szczytnie księgarnię oraz wypożyczalnię książek i czasopism. Około 1910 firmę przejął Max Zedler, który początkowo w nazwie firmy zachował nazwisko jej poprzedniego właściciela. Zedler prowadził również działalność wydawniczą. W lipcu 1920 księgarnię Zedlera kupił Hans Andresen i zarządzał nią do 1945.
670 ## - Źródło informacji
- źródło informacji: Ein masurisches Original : Lebensbeschreibung des in mehr als einer Hinsicht originellen Pfarrers Pogorzelski in Kutten ... / Verfaßt von Alb. G. Krueger . - 3. Auflage. - Ortelsburg, [1929].
- gdzie znaleziono informację: (Verlag: Max Zedler Inh. Hans Andresen, Ortelsburg).
670 ## - Źródło informacji
- źródło informacji: Z dziejów pewnej księgarni / Witold Olbryś. Kurek Mazurski online, 12.04.2025
- adres internetowy: https://kurekmazurski.pl/z-dziejow-pewnej-ksiegarni-2022053165947/
670 ## - Źródło informacji
- źródło informacji: Papier-Adreßbuch von Deutschland. - Berlin, 1898.
- gdzie znaleziono informację: S. 363: (Ortelsburg. Moshlehner, H. A. Buch-, Pap.-, u. Schreibhw., Buchb. Gegr. 1886).
670 ## - Źródło informacji
- źródło informacji: Offizielles Adressbuch des Deutschen Buchhandels und der verwandten Geschäftszweige. Jg. 1899. - Leipzig, 1899.
- gdzie znaleziono informację: S. 388: (Moslehner H. A. ... Gegr. 1 Febr. 1886).
670 ## - Źródło informacji
- źródło informacji: Der evangelische Buchhandel : eine Übersicht seiner Entwicklung im 19. und 20. Jahrhundert. : mit 600 Firmengeschichten aus Deutschland, Österreich und der Schweiz. - Stuttgart, 1961.
- gdzie znaleziono informację: S. 56.